000 01970cam a22003498i 4500
001 17267706
003 OSt
005 20180116192421.0
008 120423s2012 nyu 001 0 eng
010 _a 2012016341
020 _a9780415506182 (hardback)
020 _a9780415506199 (pb)
020 _z9780203084274 (ebook)
040 _aDLC
_beng
_cDLC
_erda
042 _apcc
050 0 0 _aNA2542.35
_b.A65 2012
082 0 0 _a720.47
_223
084 _aARC000000
_aARC001000
_aARC018000
_2bisacsh
245 0 0 _aArchitectural theories of the environment :
_bposthuman territory /
_c[edited by] Ariane Lourie Harrison.
260 _aNew York :
_bRoutledge,
_c2013.
300 _apages cm
500 _aIncludes index.
520 _a"Humans are the largest environmental force on the planet, making this a new geologic era: The Anthropocene. As architects and designers, we struggle to reconcile the ever increasing environmental, humanitarian, and technological demands placed on our projects. Here, for the first time, editor Ariane Lourie Harrison collects the essays of architects, theorists, and sustainable designers that together provide a framework to help you develop your own guidelines to approaching your work. Each introduction defines a key term, such as biopolitics, animalization, and sociotechnical model, to increase your design vocabulary and highlight themes from the readings. Nine case studies from five countries demonstrate these concepts, so that you can see theory made concrete"--
650 0 _aArchitecture
_xEnvironmental aspects.
_97416
650 7 _aARCHITECTURE / General.
_2bisacsh
_97417
650 7 _aARCHITECTURE / Criticism.
_2bisacsh
_97418
650 7 _aARCHITECTURE / Sustainability & Green Design.
_2bisacsh
_97419
700 1 _aHarrison, Ariane Lourie,
_eeditor of compilation.
_97420
906 _a7
_bcbc
_corignew
_d1
_eecip
_f20
_gy-gencatlg
942 _2ddc
_cBK
999 _c353916
_d353916